Como si no hubiera que cruzar el mar (Record no. 141816)

MARC details
000 -CABECERA
campo de control de longitud fija 00832cam a22002774a 4500
003 - IDENTIFICADOR DEL NÚMERO DE CONTROL
campo de control UPN
005 - FECHA Y HORA DE LA ÚLTIMA TRANSACCIÓN
campo de control 20240229063544.0
008 - ELEMENTOS DE LONGITUD FIJA--INFORMACIÓN GENERAL
campo de control de longitud fija 090304s2006 mx a r 000 f spa d
020 ## - NÚMERO INTERNACIONAL NORMALIZADO PARA LIBROS
Número Internacional Estándar del Libro 9870400299
035 ## - NÚMERO DE CONTROL DEL SISTEMA
Número de control de sistema UPN01000169710
040 ## - FUENTE DE LA CATALOGACIÓN
Centro catalogador/agencia de origen UPN
Lengua de catalogación spa
Centro/agencia transcriptor UPN
049 ## - COLECCIÓN
Colección I
050 #4 - SIGNATURA TOPOGRÁFICA DE LA BIBLIOTECA DEL CONGRESO
Número de clasificación PQ7798.26 I86
Número de documento/Ítem C65 2006
100 1# - ASIENTO PRINCIPAL--NOMBRE PERSONAL
Nombre de persona Pisos, Cecilia,
Fechas asociadas al nombre 1965-
9 (RLIN) 31828
245 10 - MENCIÓN DE TÍTULO
Título Como si no hubiera que cruzar el mar
250 ## - MENCIÓN DE EDICIÓN
Mención de edición Primera edición
260 ## - PUBLICACIÓN, DISTRIBUCIÓN, ETC.
Lugar de publicación, distribución, etc. México :
Nombre del editor, distribuidor, etc. Alfaguara,
Fecha de publicación, distribución, etc. 2006.
300 ## - DESCRIPCIÓN FÍSICA
Extensión 198 páginas :
Otras características físicas ilustraciones
490 0# - MENCIÓN DE SERIE
Mención de serie Alfaguara juvenil
650 #4 - ASIENTO SECUNDARIO DE MATERIA - TERMINO TEMATICO
Término de materia o nombre geográfico como elemento de entrada Literatura infantil argentina
9 (RLIN) 7511
650 #0 - ASIENTO SECUNDARIO DE MATERIA - TERMINO TEMATICO
Término de materia o nombre geográfico como elemento de entrada Viajes
Subdivisión de forma Literatura infantil
9 (RLIN) 21656
700 ## - ASIENTO SECUNDARIO--NOMBRE DE PERSONAL
Nombre de persona Novati, Eugenia
Término indicativo de función/relación ilustradora
9 (RLIN) 46816
902 ## - ELEMENTOS DE DATOS B LOCAL, LDB (RLIN)
Modificó Carolina Alvarado/270922/M
-- VíctorGodínez/251122/M
905 ## - TIPO DE MATERIAL
Tipo de material Libro
942 ## - ELEMENTOS DE PUNTO DE ACCESO ADICIONAL (KOHA)
Fuente del sistema de clasificación o colocación Library of Congress Classification
Tipo de ítem Koha Libro
Holdings
Estado de retiro Estado de pérdida Fuente del sistema de clasificación o colocación Estado dañado No para préstamo Código de colección Localización permanente Ubicación/localización actual Ubicación en estantería Fecha de adquisición Clasificación Código de barras Fecha visto por última vez Tipo de ítem Koha
    Library of Congress Classification     Infantil Bib. Gregorio Torres Quintero Bib. Gregorio Torres Quintero Sala infantil Planta baja 25/11/2022 PQ7798.26 I86 C65 2006 AP868 31/12/2020 Libro